Ciudades de la Región Pokémon de Kalos en el Mapa - Estadísticas

Estadísticas generales
  • Esta prueba ha sido intentada 242 veces
    240 desde el último reinicio
  • La puntuación promedio es 9 de 17
Respuestas en el mapa
Las respuestas están codificadas por una escala verde-roja en el mapa de la prueba según el % correcto abajo.
 
Estadísticas de respuestas
Respuesta % Correcto
Ciudad Luminalia
91%
Pueblo Boceto
78%
Pueblo Acuarela
73%
Ciudad Novarte
67%
Liga Pokémon
60%
Pueblo Petroglifo
53%
Pueblo Crómlech
50%
Ciudad Romantis
49%
Ciudad Yantra
49%
Ciudad Batik
48%
Ciudad Relieve
48%
Ciudad Témpera
46%
Ciudad Fractal
44%
Ciudad Fluxus
42%
Pueblo Vánitas
41%
Pueblo Fresco
34%
Pueblo Mosaico
32%
No se encontraron pruebas coincidentes
Distribución de puntuación
Porcentaje de gente con cada puntuación
Porcentaje por número respondido
Historial de tus puntuaciones
No has intentado esta prueba desde el último reinicio